The American archivist

Bibliographic Details
Main Author: Draškaba, Peter, 1945- (Author)
Format: Article
Language:Slovak
ISSN:0231-6722
Subjects:

MARC

LEADER 00000nab a2200000 a 4500
001 vtls000673821
003 SK-MaSNL
005 20260304090557.0
008 250425c1998 xo 0 slo
015 |a SNBRB1998/09-25158 
035 |a CLN000025997 
035 |a urn:nbn:sk:snk-ab7hig 
035 |a (urnnbn)urn:nbn:sk:snk:ar-005sts 
035 |a (uuid)dc091886-9019-4386-af40-db1f1d4dc784 
040 |a SNKBUCL  |b slo  |c SNKBUCL  |e AACR2 
041 0 |a slo 
044 |a xo  |c SK 
080 |a 930.25:05(73)  |2 1981 
080 |a 05(73):930.25  |2 1981 
100 1 |a Draškaba, Peter,  |d 1945-  |4 aut  |9 111744 
245 1 4 |a The American archivist  |c Peter Draškaba 
630 0 4 |a The American archivist (časopis)  |y 1996  |x č. 2, 3  |2 snkbucl  |9 1381863 
650 0 7 |a archívne časopisy  |2 snkbucl  |9 1183613 
650 0 7 |a americké časopisy  |2 snkbucl  |9 1381864 
655 7 |a anotácie  |2 snkbucl  |9 51989 
773 0 |t Slovenská archivistika  |g Roč. 33, č. 2 (1998), s. 169-172  |x 0231-6722 
850 |a Slovenská národná knižnica 
852 |a Slovenská národná knižnica 
954 |a odborná, vedecká literatúra pôvodná (slovenská)  |2 lita 
958 |a article7 
958 |a OND 
958 |a US 
958 |a EUIPO 
999 |c 2811896  |d 2813826